00281nam a2200121Ia 4500008004100000100001800041245002400059260003300083300000800116650001300124942000700137999001500144190216s9999||||xx |||||||||||||| ||und|| aNambiar M C K 0aAdvanced Accounting bVikas Publishing Housec1992 a65p aCommerce cBK c5819d5819